000 00500nam a2200181Ia 4500
001 8856
005 20260306160640.0
008 260306t2011||||xx |||||||||||||| ||spa||
041 _aESP
082 _a371.5
_bA74
100 _aArmas Castro, Manuel
_eAUT
245 0 _aPrevención e interpretación ante problemas de conducta:
_bestrategias para centros educativos y familias
260 _c2011
300 _a359 páginas :
_c24 cm.
650 _aGEN
654 _aCED
942 _cLIB
_dJUS
_fJUS
_2ddc
_n
999 _c8856
_d8856